00430nam a2200181Ia 4500003000400000005001700004008004100021020001400062040000700076041000800083082002000091100001800111245002500129260004100154300001600195365001300211650002400224OSt20230503101746.0210423s2012 xx 000 0 und d a333918339 cAL aeng a530.41 DEKA223 aDEKKER (A J). aSolid state physics. aNew DelhibMacmillan India Ltdc2012 axiv,540bPB b310cINR aSolid State Physics